Oportunidades en relacion económica y comercial entre China y Mèxico /
El documento presenta un análisis de la relación bilateral que existe entre China, México y Latinoamérica, con el fin de poder generar propuestas de dialogo entre las partes para la mejora de las relaciones económicas y comerciales.
Salvato in:
| Autore principale: | |
|---|---|
| Altri autori: | |
| Natura: | testo |
| Lingua: | Spanish |
| Pubblicazione: |
México:
CEPAL. Naciones Unidas
2007
|
| Soggetti: | |
| Tags: |
Aggiungi Tag
Nessun Tag, puoi essere il primo ad aggiungerne!!
|
MARC
| LEADER | 00000 a a2200000 04500 | ||
|---|---|---|---|
| 001 | 37310 | ||
| 003 | cru CIDCACS/IIS | ||
| 005 | 20230705111432.0 | ||
| 008 | 230320b2007 mx ||||| |||| 00| 0 spa d | ||
| 040 | |c CRAI IIS |d CRAI IIS | ||
| 090 | |a 01.02.01 O683o | ||
| 100 | |a Dussel Peters, Enrique | ||
| 245 | |a Oportunidades en relacion económica y comercial entre China y Mèxico / |c Enrique Dussel Peters | ||
| 260 | |a México: |b CEPAL. Naciones Unidas |c 2007 | ||
| 300 | |a 415 p. | ||
| 520 | |a El documento presenta un análisis de la relación bilateral que existe entre China, México y Latinoamérica, con el fin de poder generar propuestas de dialogo entre las partes para la mejora de las relaciones económicas y comerciales. | ||
| 650 | 0 | |9 2812 |a RELACIONES BILATERALES | |
| 650 | 0 | |9 2806 |a RELACIONES ECONOMICAS INTERNACIONALES | |
| 650 | 4 | |9 2646 |a RELACIONES INTERNACIONALES | |
| 650 | 0 | |9 2683 |a INVERSIONES EXTRANJERAS | |
| 651 | 0 | |9 5224 |a CHINA | |
| 651 | 4 | |9 2605 |a LATINOAMERICA | |
| 651 | 0 | |9 3410 |a MEXICO | |
| 700 | |a comp. | ||
| 942 | |2 ddc |c LI | ||
| 999 | |c 5793 |d 5793 | ||
